000 01053nam a2200337Ia 4500
001 dia_7318
003 CHAP
005 20251021154526.0
008 220117s2016 xx 000 0 und d
010 _a178522
020 _a978-612-304-317-9
040 _cCHAP
082 _a637.14 B84 2016
100 _aBuendía Molina, Marilyn Aurora
_9162945
245 _aElaboración, producción y comercialización de derivados lácteos /
_c Marilyn Aurora Buendía Molina
260 _aPerú :
_b Alfaomega :,
_b Macro,
_c2016
300 _a215 p.
440 _aAgro
_9162946
504 _aBibliografía: p. 213-214
590 _aSF250.5 B84 2016
650 _aCiencia lechera
_9140523
650 _aDairy products
_9147027
650 _aDairy science
_9162947
650 _aElaboración de leche
_9156950
650 _aMilk production
_9156952
650 _aProductos lácteos
_992124
901 _a637.14 B84 2016
902 _aM
905 _a5232272016 pe aimn8222223322spa16
942 _cLIBRO
_2ddc
999 _c178522
_d178522